| 000 | 00637nam a2200229Ia 4500 | ||
|---|---|---|---|
| 003 | OSt | ||
| 005 | 20230517141939.0 | ||
| 008 | 210423s2010 xx 000 0 und d | ||
| 020 | _a978-3-11-020367-7 | ||
| 040 | _cAL | ||
| 041 | _aeng | ||
| 082 | _a428.24 HERE | ||
| 100 |
_aHERBST (Thomas) _9106783 |
||
| 245 | _aEnglish linguistics: a coursebook for students of English | ||
| 260 |
_aNew York _bDe Gruyter Mouton _c2010 |
||
| 300 |
_axv,368 _bPB |
||
| 365 |
_b1911.17 _cEUR |
||
| 650 |
_aEnglish Language _9106784 |
||
| 650 |
_aLanguage _9106785 |
||
| 906 | _acoursebook ; English ; linguistics: ; students | ||
| 942 |
_2ddc _cBK |
||
| 999 |
_c167604 _d167604 |
||